00594nam a2200217Ia 450000500170000000800410001702000180005804100120007608200150008810000190010324500590012226000360018130000180021765000150023565000240025065000210027465000200029565000240031565000160033970000210035520260429112308.0260429s9999||||xx |||||||||||||| ||und|| a9788119684014 aEnglish a020.9bTHO aThomas, Joseph 0aLibrarian's companion legal literacy / cJoseph Thomas aJaipur : bBook Enclave,c2024. ax, 160 p.; hb a Copyright a Information ethics a Information law a Legal literacy a Library management aLibrary law a Mohanan, Neethu